000 00381nam a2200145 a 4500
005 20140412111428.0
008 090627s19uu xx 00 eng d
020 _a0-439-32698-2
050 _aTR(PS E
_bWh55 2002
100 _aWood, Douglas
245 _aWhat moms can't do /
_cDouglas Wood.
260 _aNew York :
_bScholastic,
_c2001.
300 _a1v. unp.
999 _c106287
_d106287